000
00308nam a2200121Ia 4500
008
210430s9999 xx 000 0 und d
020
_a
978-0-470-24883-6
082
_a
620.5 L4771S
100
_a
Yoon S. Lee
245
_a
Self-Assembly and Nanotechnology
_c
Yoon S. Lee
300
_a
344
942
_c
BK
_2
ddc
999
_c
565160
_d
565160